书目信息 |
| 题名: |
物理思维论
|
|
| 作者: | 田世昆 , 胡卫平 著 | |
| 分册: | ||
| 出版信息: | 南宁 广西教育出版社 1996 |
|
| 页数: | 259页 | |
| 开本: | 20cm | |
| 丛书名: | 学科现代教育理论书系 | |
| 单 册: | ||
| 中图分类: | O4-42 , G40-01 | |
| 科图分类: | ||
| 主题词: | 物理-思维-教学理论 , 思维-物理-教学理论 , 教学理论-思维-物理 , 教育学 | |
| 电子资源: | ||
| ISBN: | 7-5435-2545-3 | |
| 000 | 00918nam2 2200325 45 | |
| 001 | 0198014490 | |
| 005 | 20061111080733.25 | |
| 010 | @a7-5435-2545-3@dCNY15.00 | |
| 010 | @a7-5435-2546-1@b精装@d¥19.50 | |
| 100 | @a19980311d1996 kemy0chiy0121 ea | |
| 101 | 0 | @achi |
| 102 | @aCN@b450000 | |
| 105 | @ay z 000yy | |
| 106 | @ar | |
| 200 | 10 | @a物理思维论@Awu li si wei lun@f田世昆,胡卫平著 |
| 210 | @a南宁@c广西教育出版社@d1996 | |
| 215 | @a259页@d20cm | |
| 225 | 2 | @a学科现代教育理论书系@i物理 |
| 300 | @a国家“九五”重点图书出版规划项目 | |
| 410 | 0 | @120010@a学科现代教育理论书系 |
| 606 | @a物理-思维-教学理论 | |
| 606 | @a思维-物理-教学理论 | |
| 606 | @a教学理论-思维-物理 | |
| 606 | 0 | @a教育学 |
| 690 | @aO4-42@v3 | |
| 690 | @aG40-01 | |
| 701 | 0 | @a田世昆@Atian shi kun@4著 |
| 701 | 0 | @a胡卫平@Ahu wei ping@4著 |
| 801 | 0 | @aCN@bNLC@c20061111 |
| 905 | @f4@b281526-529@dG40-01@e198:5 | |
| 物理思维论/田世昆,胡卫平著.-南宁:广西教育出版社,1996 |
| 259页;20cm.-(学科现代教育理论书系.物理) |
| 国家“九五”重点图书出版规划项目 |
| ISBN 7-5435-2545-3:CNY15.00 |
| ● |
| 相关链接 |
|
|
|
|
正题名:物理思维论
索取号:G40-01/198:5
 
预约/预借
| 序号 | 登录号 | 条形码 | 馆藏地/架位号 | 状态 | 备注 |
| 1 | 0281526 | 002815261 | 密集书库/ [索取号:G40-01/198:5] | 在馆 | |
| 2 | 0281527 | 002815270 | 密集书库/ [索取号:G40-01/198:5] | 在馆 | |
| 3 | 0281528 | 002815289 | 密集书库/ [索取号:G40-01/198:5] | 在馆 | |
| 4 | 0281529 | 002815298 | 密集书库/ [索取号:G40-01/198:5] | 在馆 | |
| 5 | 0281530 | 002815305 | 第一样本阅览室/ [索取号:G40-01/198:5] | 在馆 |